Destinations from London-Stansted Airport (STN) - Statistics

General Stats
  • This quiz has been taken 63 times
  • The average score is 100 of 198
Answer Stats
Country Airport % Correct
Austria Vienna / VIE
94%
Germany Berlin / BER
92%
Albania Tirana / TIA
92%
Ireland Dublin / DUB
89%
Finland Helsinki / HEL
86%
Denmark Copenhagen / CPH
83%
Germany Frankfurt / FRA
83%
Luxembourg Luxembourg / LUX
83%
Czech Republic Prague / PRG
83%
Latvia Riga / RIX
83%
Italy Rome / CIA
83%
Austria Salzburg / SZG
83%
Bulgaria Sofia / SOF
83%
Croatia Zagreb / ZAG
83%
Greece Athens / ATH
81%
Germany Hamburg / HAM
81%
Austria Innsbruck / INN
81%
Spain Madrid / MAD
81%
Malta Malta / MLA
81%
Germany Munich / MUC
81%
France Nice / NCE
81%
Spain Barcelona / BCN
78%
Hungary Budapest / BUD
78%
Germany Cologne / CGN
78%
Ireland Cork / ORK
78%
Italy Milan / MXP
78%
Portugal Porto / OPO
78%
Poland Warsaw / WAW
78%
Netherlands Amsterdam / AMS
75%
United Arab Emirates Dubai / DXB
75%
Portugal Lisbon / LIS
75%
Norway Oslo / OSL
75%
Iceland Reykjavik / KEF
75%
Croatia Split / SPU
75%
Estonia Tallinn / TLL
75%
Italy Venice / VCE
75%
Romania Bucharest / OTP
72%
Croatia Dubrovnik / DBV
72%
Greece Kos / KGS
72%
Poland Krakow / KRK
72%
Italy Palermo / PMO
72%
Italy Rome / FCO
72%
Sweden Stockholm / ARN
72%
Lithuania Vilnius / VNO
72%
Switzerland Zurich / ZRH
72%
Jordan Amman / AMM
69%
Italy Bari / BRI
69%
United Kingdom Edinburgh / EDI
69%
Switzerland Geneva / GVA
69%
Morocco Marrakesh / RAK
69%
Italy Naples / NAP
69%
Greece Thessaloniki / SKG
69%
Denmark Aarhus / AAR
67%
Norway Bergen / BGO
67%
France Bordeaux / BDO
67%
Poland Gdansk / GDN
67%
Italy Genoa / GOA
67%
United Kingdom Glasgow / GLA
67%
Sweden Gotheburg / GOT
67%
Germany Nuremberg / NUE
67%
Morocco Rabat / RBA
67%
France Toulouse / TLS
67%
Spain Valencia / VLC
67%
Spain Almeria / LEI
64%
Switzerland Basel / EAP
64%
United Kingdom Belfast / BFS
64%
Germany Bremen / BRE
64%
Moldova Chisinau / KIV
64%
Germany Dresden / DRS
64%
Turkey Istanbul / IST
64%
Cyprus Larnaca / LCA
64%
Spain Malaga / AGP
64%
France Nantes / NTE
64%
Spain Seville / SVQ
64%
Italy Turin / TRN
64%
Spain Alicante / ALC
61%
Czech Republic Brno / BRQ
61%
Portugal Faro / FAO
61%
Greece Heraklion / HER
61%
Turkey Izmir / ADB
61%
Germany Leipzig / LEJ
61%
France Marseille / MRS
61%
Spain Palma de Mallorca / PMI
61%
Croatia Zadar / ZAD
61%
Denmark Aalborg / AAL
58%
Slovakia Bratislava / BTS
58%
Netherlands Eindhoven / EIN
58%
Italy Florence / FLR
58%
Poland Katowice / KTW
58%
Italy Bologna / BLQ
56%
Bulgaria Burgas / BOJ
56%
Italy Catania / CTA
56%
Spain Ibiza / IBZ
56%
Bulgaria Plovdiv / PDV
56%
Montenegro Podgorica / TGD
56%
Ireland Shannon / SNN
56%
Spain Tenerife / TFS
56%
Spain Zaragoza / ZAZ
56%
Turkey Antalya / AYT
53%
Italy Cagliari / CAG
53%
Spain Gran Canaria / LPA
53%
Lithuania Kaunas / KUN
53%
France Poitiers / PIS
53%
Iceland Reykjavik / RKV
53%
Greece Rhodes / RHO
53%
Egypt Sharm El Sheikh / SSH
53%
Turkey Ankara / ESB
50%
Greece Corfu / CFU
50%
Spain Lanzarote / ACE
50%
Portugal Madeira / FNC
50%
Poland Poznan / POZ
50%
Denmark Billund / BLL
47%
Romania Cluj Napoca / CLJ
47%
Morocco Fez / FEZ
47%
Spain Fuerteventura / FUE
47%
Spain Menorca / MAH
47%
Croatia Rijeka / RJK
47%
Greece Santorini / JTR
47%
Morocco Tangier / TNG
47%
Morocco Agadir / AGA
44%
Germany Dortmund / DTM
44%
Spain Girona / GRO
44%
Poland Lodz / LCJ
44%
Croatia Pula / PUY
44%
Finland Tampere / TMP
44%
Poland Wroclaw / WRO
44%
Turkey Adana / ADA
42%
United Kingdom Jersey / JER
42%
Slovakia Kosice / KSC
42%
Czech Republic Ostrava / OSR
42%
Italy Brindisi / BDS
39%
France Grenoble / GNB
39%
Italy Pisa / PSA
39%
Spain Reus / REU
39%
Italy Verona / VRN
39%
Greece Chania / CHQ
36%
Germany Karlsruhe/Baden-Baden / FKB
36%
Italy Olbia / OLB
36%
United States Orlando / MCO
36%
Cyprus Paphos / PFO
36%
Portugal Ponta Delgada / PDL
36%
Montenegro Tivat / TIV
36%
Turkey Bodrum / BJV
33%
Turkey Gaziantep / GZT
33%
Greece Kalamata / KLX
33%
Ireland Kerry / KIR
33%
Ireland Knock / NOC
33%
Netherlands Maastricht / MST
33%
Spain Murcia / MJV
33%
United States Orlando / SFB
33%
Greece Preveza / PVK
33%
Poland Szczecin / SZZ
33%
Italy Trieste / TRS
33%
Turkey Dalaman / DLM
31%
Croatia Osijek / OSI
31%
Spain Santander / SDR
31%
Greece Zakynthos / ZTH
31%
Italy Alghero / AHO
28%
France La Rochelle / LRH
28%
Germany Memmingen / FMM
28%
France Perpignan / PGF
28%
Italy Rimini / RMI
28%
Spain Vigo / VGO
28%
Italy Ancona / AOI
25%
Spain Asturias / OVD
25%
France Biarritz / BIQ
25%
Greece Kefalonia / EFL
25%
Italy Lamezia Terme / SUF
25%
United Kingdom Londonderry / LDY
25%
United Kingdom Newquay / NQY
25%
Lithuania Palanga / PLQ
25%
Greece Skiathos / JSI
25%
France Lourdes-Tarbes / LDE
22%
Spain Jerez de la Frontera / XRY
19%
Italy Perugia / PEG
19%
France Bergerac / EGC
17%
Poland Bydgoszcz / BZG
17%
France Limoges / LIG
17%
Italy Pescara / PSR
17%
France Calvi / CLY
14%
France Carcasonne / CCF
14%
France Chambery / CMF
14%
Poland Rzeszow / RZE
14%
France Tours / TUF
14%
Italy Bolzano / BZO
11%
Morocco Essaouira / ESU
11%
France Nimes / FNI
11%
Sweden Orebro / ORB
11%
Morocco Ouarzazate / OZZ
11%
France Beziers / BZR
8%
Greece Mytilene / MJT
8%
Italy Trapani / TPS
8%
Sweden Västerås / VST
8%
Spain Castellon / CDT
6%
Sweden Växjö / VXO
6%
France Brive Dordogne Valley / BVE
0%
France Rodez / RDZ
0%
Denmark Sondre Strømfjord / SFJ
0%
No matching quizzes found
Score Distribution
Percent of People with Each Score
Percentile by Number Answered
Your Score History
You have not taken this quiz